000 00511nam a2200169Ia 4500
003 GCL
008 140319s9999 xx 000 0 ara d
040 _aGCL /
_cGCL
082 0 4 _a371.42
_bع ت
100 1 _aعبدالرحمن عيسوى
245 1 0 _aالتوجية والارشاد الاسلامى والعلمى /
_cعبدالرحمن عيسوى
490 _a
650 0 4 _aالطب النفسى
650 0 4 _aالتوجية التربوى
650 0 4 _aالتوجية المهنى
942 _2ddc
_cBK
999 _c38925
_d38925